Liedtext Benjamin Blümchen - Statistiken

Allgemein
  • Dieses Quiz wurde 183 mal gespielt
  • Das Durchschnittsergebnis liegt bei 103 aus 142
Antwortstatistiken
Antwort % Korrekt
Benjamin
99%
Elefant
95%
du
92%
bist
85%
Blümchen
83%
Blümchen!!
83%
lieber
83%
wir
83%
Wir
83%
bekannt
82%
dich
82%
überall
81%
und
78%
sehn
73%
sehn.
73%
(Töröö)
73%
Töröööö
73%
lieben
72%
wollen
69%
woll´n
69%
freu´n
68%
uns
68%
ist
67%
Deine
66%
deine
66%
kannst
66%
sprechen
62%
was
61%
schön
60%
heut
59%
heut´
59%
so!
59%
Welt
57%
mit
56%
"hallo!"
55%
"Hallo"
55%
sind
55%
zu
55%
Freunde
54%
gerne
54%
dir
53%
geschehn
53%
wird
53%
fragen
52%
gehn
52%
gehn!
52%
freu´n
51%
sagen
51%
wohl
50%
Ja
41%
ja
41%
Keine übereinstimmenden Quizze gefunden
Verteilung der Resultate
Anzahl Personen mit jedem Resultat
Perzentil nach korrekt beantworteten Fragen
Ihre Resultats-Entwicklung
Sie haben dieses Quiz noch nicht gespielt